000 00361cam a22000977a 4500
008 180718b1960 xxu||||| |||| 00| 0 eng d
082 _aL2703x5442 M278
245 _aThe Bombay sales tax act, 1959
_cby Law and Judiciary Department, Maharashtra
260 _aBombay
_bThe Manager, Government Central Press
_c1960
700 _aMaharashtra. Law and Judiciary Department,
999 _c500305
_d500305